| 000 | 00524nam a2200205Ia 4500 | ||
|---|---|---|---|
| 003 | IIN | ||
| 005 | 20240202145523.0 | ||
| 008 | 231217s9999 xx 000 0 und d | ||
| 020 |
_cRs.415.00 _a9788131255391 |
||
| 040 |
_aIIN _bEnglish |
||
| 082 |
_a610.73 _bLOH |
||
| 100 | 1 | _aLohumi, Shama | |
| 245 | 1 |
_aSociology for Nurses _cShama Lohumi and Rakesh Lohumi |
|
| 250 | _a2nd ed | ||
| 260 |
_bElsevier _aNew Delhi _c2019 |
||
| 300 | _axii, 390 p. | ||
| 650 | 1 | _aSociology | |
| 700 | 1 | _aLohumi, Rakesh | |
| 942 | _cBOOK | ||
| 999 |
_c809 _d809 |
||